[Event "Robecchetto op-B 19th"]
[Site "Robecchetto"]
[Date "2008.12.28"]
[Round "2"]
[White "Fizzotti, Mario"]
[Black "Macchiettini, Pierangelo"]
[Result "1-0"]
[WhiteElo "1795"]
[BlackElo "1706"]
[PlyCount "115"]
[EventDate "2008.12.27"]
[EventType "swiss"]
[EventRounds "6"]
[EventCountry "ITA"]
[SourceTitle "EXT 2011"]
[Source "ChessBase"]
[SourceDate "2010.11.26"]
[SourceVersion "1"]
[SourceVersionDate "2010.11.26"]
[SourceQuality "1"]

1. d4 d5 2. c4 c6 3. Nf3 Nf6 4. Nc3 Bf5 5. Qb3 Bc8 6. Bg5 dxc4 7. Qxc4 e6 8. e3 Be7 9. Bd3 Nbd7 10. 0-0 h6 11. Bh4 Nd5 12. Bg3 0-0 13. e4 N5f6 14. b4 a6 15. a4 Nh5 16. b5 Nxg3 17. hxg3 cxb5 18. axb5 a5 19. Na4 b6 20. Rac1 Bb7 21. Qc7 Rb8 22. Rfd1 Ba8 23. Qxd8 Rfxd8 24. Rc7 Rb7 25. Rdc1 Rxc7 26. Rxc7 Bd6 27. Rc4 f6 28. Nd2 Kf8 29. f4 Ke7 30. e5 fxe5 31. fxe5 Bb8 32. Be4 Bxe4 33. Nxe4 Ba7 34. Kf2 Rf8+ 35. Ke3 Rf1 36. Nd6 Bb8 37. Nc8+ Kd8 38. Ncxb6 Nxb6 39. Nxb6 Bc7 40. Na8 Bb8 41. b6 Rb1 42. Rc3 a4 43. Kd3 Rb2 44. Kc4 Kc8 45. Ra3 Rxg2 46. Kb5 Kb7 47. Nc7 Rb2+ 48. Kxa4 Rxb6 49. Ne8 g6 50. Rb3 Bc7 51. Ng7 Ka7 52. Rxb6 Kxb6 53. Nxe6 Kb7 54. Kb5 h5 55. Kc4 Kc6 56. Nf4 g5 57. Nxh5 Bd8 58. g4 1-0

[Event "Milan Crespi op-B 29th"]
[Site "Milan"]
[Date "2008.12.06"]
[Round "3"]
[White "Ciciotti, Augusto Walter"]
[Black "Fizzotti, Mario"]
[Result "1-0"]
[WhiteElo "1900"]
[BlackElo "1795"]
[PlyCount "73"]
[EventDate "2008.12.05"]
[EventType "swiss"]
[EventRounds "7"]
[EventCountry "ITA"]
[SourceTitle "EXT 2010"]
[Source "ChessBase"]
[SourceDate "2010.11.25"]
[SourceVersion "1"]
[SourceVersionDate "2010.11.25"]
[SourceQuality "1"]

1. d4 Nf6 2. c4 e6 3. Nf3 b6 4. g3 Ba6 5. Qc2 c5 6. Bg2 Bb7 7. d5 exd5 8. Nh4 Be7 9. Nc3 0-0 10. 0-0 Na6 11. cxd5 d6 12. e4 Nd7 13. Nf5 Nc7 14. Bf4 Nf6 15. Rad1 Bc8 16. e5 Bxf5 17. Qxf5 Nfe8 18. Ne4 Nb5 19. Qg4 f5 20. exf6 Nxf6 21. Qe6+ Kh8 22. Ng5 Qe8 23. Rfe1 Ng8 24. Nxh7 Kxh7 25. Qh3+ Nh6 26. Be4+ Kg8 27. Bxh6 gxh6 28. Qe6+ Qf7 29. Qxh6 Qxf2+ 30. Kh1 Qf7 31. Qh3 Nd4 32. Rf1 Qg7 33. Rf4 Rxf4 34. gxf4 Kf7 35. Qh5+ Kf8 36. Rg1 Qf6 37. Qh7 1-0

[Event "Crema op 10th"]
[Site "Crema"]
[Date "2008.09.06"]
[Round "3"]
[White "Gerundino, Nicola"]
[Black "Fizzotti, Mario"]
[Result "1-0"]
[WhiteElo "1964"]
[BlackElo "1837"]
[PlyCount "77"]
[EventDate "2008.09.05"]
[EventType "swiss"]
[EventRounds "6"]
[EventCountry "ITA"]
[SourceTitle "EXT 2011"]
[Source "ChessBase"]
[SourceDate "2010.11.26"]
[SourceVersion "1"]
[SourceVersionDate "2010.11.26"]
[SourceQuality "1"]

1. e4 e5 2. Nf3 Nf6 3. Nxe5 d6 4. Nf3 Nxe4 5. Nc3 Nxc3 6. bxc3 Be7 7. d4 0-0 8. Bd3 Bf6 9. 0-0 c5 10. h3 Nc6 11. Bf4 d5 12. Bb5 Qa5 13. Bxc6 bxc6 14. Bd6 Re8 15. Bxc5 Qxc3 16. Rb1 Bf5 17. Ne1 Rab8 18. Rb3 Qc4 19. Bxa7 Ra8 20. Bc5 Rxa2 21. Qb1 Raa8 22. Rb4 Qa6 23. Nf3 Qe2 24. Re1 Qxc2 25. Qxc2 Bxc2 26. Rc1 Ra2 27. Kh2 g6 28. Re1 Rxe1 29. Rb8+ Bd8 30. Rxd8+ Kg7 31. Nxe1 Be4 32. Kg3 h5 33. Nf3 Rb2 34. Bf8+ Kf6 35. Rd6+ Kf5 36. Bg7 h4+ 37. Nxh4+ Kg5 38. Rxc6 Rb3+ 39. Nf3+ 1-0

[Event "Turbigo op"]
[Site "Turbigo"]
[Date "2008.05.10"]
[Round "3"]
[White "Fizzotti, Mario"]
[Black "Santarelli, Sabatino"]
[Result "0-1"]
[WhiteElo "1833"]
[BlackElo "1575"]
[PlyCount "46"]
[EventDate "2008.05.08"]
[EventType "swiss"]
[EventRounds "5"]
[EventCountry "ITA"]
[SourceTitle "EXT 2011"]
[Source "ChessBase"]
[SourceDate "2010.11.26"]
[SourceVersion "1"]
[SourceVersionDate "2010.11.26"]
[SourceQuality "1"]

1. d4 Nf6 2. Nf3 g6 3. c4 Bg7 4. Nc3 0-0 5. e4 d6 6. Be2 c5 7. d5 a6 8. 0-0 e5 9. h3 Nbd7 10. Be3 Nh5 11. Qd2 f5 12. exf5 gxf5 13. Bg5 Nhf6 14. Nh4 Nb6 15. a4 Bd7 16. a5 Nc8 17. Ra3 Qe8 18. Rb3 Rb8 19. Bh6 Qf7 20. Qg5 Ne8 21. Nd1 Qf6 22. Qxf6 Rxf6 23. Rg3 Rxh6 0-1

[Event "Bergamo op 06th"]
[Site "Bergamo"]
[Date "2007.07.20"]
[Round "1"]
[White "Piantoni, Roberto"]
[Black "Fizzotti, Mario"]
[Result "1-0"]
[WhiteElo "2140"]
[BlackElo "1839"]
[PlyCount "57"]
[EventDate "2007.07.20"]
[EventType "swiss"]
[EventRounds "6"]
[EventCountry "ITA"]
[SourceTitle "EXT 2024"]
[Source "ChessBase"]
[SourceDate "2023.10.10"]
[SourceVersion "1"]
[SourceVersionDate "2023.10.10"]
[SourceQuality "1"]

1. e4 e5 2. Nf3 Nf6 3. Nxe5 d6 4. Nf3 Nxe4 5. d3 Nf6 6. d4 Be7 7. Bd3 Nc6 8. c3 0-0 9. 0-0 h6 10. Nbd2 Be6 11. Re1 Qd7 12. Qc2 Rfe8 13. Nf1 Bd5 14. Bf5 Qd8 15. Ne3 Bxf3 16. gxf3 d5 17. Kh1 Bf8 18. Rg1 Ne7 19. Bd3 Kh8 20. Ng4 Nd7 21. Bf4 Ng8 22. Rg2 c5 23. Rag1 Ngf6 24. Ne5 Nxe5 25. dxe5 Ng8 26. Bh7 Qh4 27. Qf5 f6 28. Bxg8 Kxg8 29. exf6 1-0